MAASAI MARA UNIVERSITY

LIBRARY CATALOGUE

Contact Us: +254 020 2685356/7 or 0774 057787

Box: 861-20500, NAROK, KENYA

Email: info@mmarau.ac.ke

_Appllied calculus for business,economics,life sciences and social sciences(5th ed) (Record no. 13089)

MARC details
000 -LEADER
fixed length control field 00485nam a2200157Ia 4500
008 - FIXED-LENGTH DATA ELEMENTS--GENERAL INFORMATION
fixed length control field 151021s9999 xx 000 0 und d
020 ## - INTERNATIONAL STANDARD BOOK NUMBER
International Standard Book Number 23064110
050 ## - LIBRARY OF CONGRESS CALL NUMBER
Classification number QA 303 .B2827 1994
245 ## - TITLE STATEMENT
Title _Appllied calculus for business,economics,life sciences and social sciences(5th ed)
260 ## - PUBLICATION, DISTRIBUTION, ETC. (IMPRINT)
Place of publication, distribution, etc. New York Macmillan college 1994
300 ## - PHYSICAL DESCRIPTION
Extent xix,a190p;ill
500 ## - GENERAL NOTE
General note Includes index.
500 ## - GENERAL NOTE
General note Includes index.
650 ## - SUBJECT ADDED ENTRY--TOPICAL TERM
Topical term or geographic name as entry element _calculus
980 ## - EQUIVALENCE OR CROSS-REFERENCE-SERIES STATEMENT--PERSONAL NAME/TITLE [LOCAL, CANADA]
Personal name ^d20130507 04:00:21^oanne

No items available.

© 2016 Maasai Mara University.